| 000 | 00846nam a22002897a 4500 | ||
|---|---|---|---|
| 001 | 5015 | ||
| 003 | FISKH | ||
| 005 | 20241031153449.0 | ||
| 008 | 241031b cb ||||| |||| 00| 0 eng d | ||
| 020 | _a9780590237901 | ||
| 040 |
_aFISKH _beng _cFISKH _dFISKH |
||
| 082 | _a428 | ||
| 100 | _aTuer, Judy | ||
| 245 |
_aI'm hungry / _cJudy Tuer illustrated by Lloyd Foye |
||
| 250 | _aFirst printing in 1997 | ||
| 260 |
_aNew York : _bScholastic, _c1997. |
||
| 300 |
_a7 pages : _bColor illustrations ; _c18 cm |
||
| 505 | _aG | ||
| 520 | _aA family of monkeys each makes a different food and they decide to have a party. | ||
| 521 | 8 |
_a330L
_bLexile |
|
| 521 | 8 |
_aG
_bRaz-Plus |
|
| 650 |
_2Fiction _aMonkeys _vPicture book |
||
| 650 |
_2Hunger _aFamily |
||
| 700 |
_aFoye, Lloyd _dIllustrator |
||
| 942 |
_2ddc _cBK _n0 |
||
| 999 |
_c5015 _d5015 |
||